Movies Quiz

Random Movies or Director Quiz

Best Picture by Next Picture Quiz Stats

 Plays Quiz Updated Jan 11, 2018

Challenge
Share
Tweet
Embed
Score 0/39 Timer 06:00
1 Play Today
Next Film Best Picture % Correct
AvatarTitanic
86.2%
The Passion of the ChristBraveheart
71%
Shutter IslandThe Departed
70.6%
King KongThe Lord of the Rings: The Return of the King
67.4%
Burn After ReadingNo Country for Old Men
65.2%
Apocalypse NowThe Godfather Part II
63.5%
The Lost World: Jurassic ParkSchindler's List
62.8%
Flags of Our FathersMillion Dollar Baby
62.2%
127 HoursSlumdog Millionaire
58.9%
Wall StreetPlatoon
53.1%
The PostmanDances with Wolves
45.4%
Road to PerditionAmerican Beauty
35.7%
The ConversationThe Godfather
35.7%
PhiladelphiaThe Silence of the Lambs
31.9%
The ExorcistThe French Connection
28%
HannibalGladiator
27.5%
The Talented Mr. RipleyThe English Patient
26.9%
Heaven's GateThe Deer Hunter
26.4%
InteriorsAnnie Hall
23.5%
Memoirs of a GeishaChicago
23.5%
Next Film Best Picture % Correct
ContactForrest Gump
23.1%
In the Valley of ElahCrash
21.8%
Broadcast NewsTerms of Endearment
21.1%
A Perfect WorldUnforgiven
21.1%
The Milagro Beanfield WarOrdinary People
14.3%
The MissingA Beautiful Mind
14%
HairOne Flew Over the Cuckoo's Nest
12.5%
Captain Corelli's MandolinShakespeare in Love
12.2%
AvalonRain Man
11.8%
The Great Waldo PepperThe Sting
11.1%
ValmontAmadeus
10.5%
Greystoke: The Legend of Tarzan, Lord of the ApesChariots of Fire
9.3%
A Chorus LineGandhi
8.7%
HavanaOut of Africa
8.5%
The Sheltering SkyThe Last Emperor
8%
Nicholas and AlexandraPatton
5.8%
Still of the NightKramer vs. Kramer
4.9%
Slow Dancing in the Big CityRocky
4.1%
Mister JohnsonDriving Miss Daisy
3.9%

You're not logged in!

Compare scores with friends on all Sporcle quizzes.
Join for Free
OR
Log In

You Might Also Like...

Show Comments

Extras

Top Quizzes Today


Score Distribution

Your Account Isn't Verified!

In order to create a playlist on Sporcle, you need to verify the email address you used during registration. Go to your Sporcle Settings to finish the process.

Report this User

Report this user for behavior that violates our Community Guidelines.

Details: